Загрузка...

Dalit sahithy ki bhoomika

Библиографические подробности
Главный автор: Singh,Harpal
Формат: Printed Book
Язык:English
Опубликовано: Madhura Jawahar Pustakalay 2005
Редактирование:1Ed.
Предметы:
LEADER 00539nam a22001697a 4500
008 140819b xxu||||| |||| 00| 0 eng d
020 |a 01122821174 
100 |a Singh,Harpal 
245 |a Dalit sahithy ki bhoomika  |c Harpal Singh 
250 |a 1Ed. 
260 |a Madhura  |b Jawahar Pustakalay  |c 2005 
300 |a 162p.; 
500 |a Dalit - Criticism 
650 0 |a Dalit - Alochana 
942 |2 ddc  |c BK 
999 |c 246516  |d 246516 
952 |0 0  |1 0  |4 0  |6 S_66  |7 0  |9 273661  |a HIN  |b HIN  |c S-66  |d 2014-08-19  |g 175.00  |i 20017  |l 0  |o S-66  |p HIN20017  |r 2014-08-19  |w 2014-08-19  |y BK